¿Cómo contribuye la industria textil al aumento de las emisones de dióxido de carbono?

Bibliographic Details
Main Author: Sokratous, Foteini (Author)
Other Authors: Cíger, Tomáš, 1990- (Illustrator), Slaninková, Katarína, 1975- (Illustrator)
Format: Book
Language:Spanish
PhysicalDescription:8 strán farebné ilustrácie 30 cm
Published: [Bratislava] [Strom života] 2023
ISBN:9788082920423
Edition:1a edición
Subjects:

MARC

LEADER 00000nam a2200000 4500
001 vtls012250511
003 SK-MaSNL
005 20260301132630.0
008 240215s2023 xo a g f 000 0 spa
015 |a SNBA2025/01 
020 |a 9788082920423  |q (brožované) 
040 |a SNK  |b slo  |c SNK  |e rda 
041 0 |a spa 
044 |a xo  |c SK 
072 7 |a 502  |x Životné prostredie a jeho ochrana  |2 konspekt 
072 7 |a 37  |x Výchova a vzdelávanie  |2 konspekt 
080 |a 502:37.03  |2 2011 
080 |a 37.091.313  |2 2011 
080 |a 677  |2 2011 
080 |a 502/504  |2 2011 
080 |a 504.5  |2 2011 
080 |a 504.5:502.3  |2 2011 
080 |a 546.264-31  |2 2011 
080 |a (035)  |2 2011 
100 1 |a Sokratous, Foteini  |4 aut  |9 371960 
245 1 0 |a ¿Cómo contribuye la industria textil al aumento de las emisones de dióxido de carbono?  |c texto: Foteini Sokratous ; ilustraciones: Tomáš Cíger, Katka Slaninková 
250 |a 1a edición 
264 1 |a [Bratislava]  |b [Strom života]  |c 2023 
300 |a 8 strán  |b farebné ilustrácie  |c 30 cm 
336 |a text  |b txt  |2 rdacontent 
336 |a statický obraz  |b sti  |2 rdacontent 
337 |a bez média  |b n  |2 rdamedia 
338 |a zväzok  |b nc  |2 rdacarrier 
500 |a Názov z obálky 
500 |a Miesto vydania a vydavateľ podľa NA ISBN 
504 |a Obsahuje bibliografiu 
650 0 7 |a environmentálna výchova a vzdelávanie  |2 SNKPH  |9 67556 
650 0 7 |a projektové vyučovanie  |2 SNKPH  |9 4053 
650 0 7 |a textilný priemysel  |x environmentálne aspekty  |2 SNKPH  |9 371961 
650 0 7 |a znečistenie životného prostredia  |2 SNKPH  |9 988 
650 0 7 |a emisie znečisťujúcich látok  |2 SNKPH  |9 73133 
650 0 7 |a oxid uhličitý  |2 SNKPH  |9 17291 
650 0 7 |a Environmental education  |2 SNKPHeng  |9 265190 
650 0 7 |a Project method in teaching  |2 SNKPHeng  |9 323715 
650 0 7 |a Textile industry  |x environmental aspects  |2 SNKPHeng  |9 371962 
650 0 7 |a Environmental pollution  |2 SNKPHeng  |9 101056 
650 0 7 |a Air pollutant emission  |2 SNKPHeng  |9 274761 
650 0 7 |a Carbon dioxide  |2 SNKPHeng  |9 343535 
655 7 |a príručky  |2 SNKPH  |9 74364 
655 7 |a Handbooks, manuals, etc.  |2 SNKPHeng  |9 90964 
700 1 |a Cíger, Tomáš,  |d 1990-  |4 ill  |9 222301 
700 1 |a Slaninková, Katarína,  |d 1975-  |4 ill  |9 220874 
852 |a Slovenská národná knižnica 
919 |a 978-80-8292-042-3 
954 |a iná literatúra (príručky, kuchárske knihy, hobby literatúra, sprievodcovia) pôvodná (slovenská)  |2 lita 
958 |a NB 
999 |c 751518  |d 753448 
952 |a SNK  |b SNK  |y PREZ  |7 0  |p 17A1544799  |o snkOSB 21209  |i snk2024/2632  |8 0  |0 0  |1 0  |4 0  |d 2024-02-15  |l 0  |r 2026-02-23 23:34:56  |w 2026-02-23 
952 |a SNK  |b SNK  |y PREZ  |7 0  |p 17A1544800  |o snkOSB 21209 D1  |i snk2024/2633  |8 0  |0 0  |1 0  |4 0  |d 2024-02-15  |l 0  |r 2026-02-23 23:34:56  |w 2026-02-23